00570nam a2200169Ia 4500008004100000040001900041041001200060082005900072245008300131260004200214300002600256504001900282650001800301651004500319700002600364850001000390131103s9999 xx 000 0 und d aLoreto College aEnglish a822.33(ID)/HAM/GRE/822.33/S8/SHAb- GRE LCLIB/21283(a) 4aThe heart of Hamletb the play Shakespeare wrote cedited by Bernard Grebanier aNew YorkbThoms Y.Crowell Comp.c1967 aviii,491 p. c 19 cm. aApollo edition aEnglish Drama aShakespeare,William - Hamlet - Criticism aGrebanier,Bernard,ed. aLCLIB